000 00676cam a22002053a 4500
001 34842
003 PGUSA
005 20140828083742.0
008 110103s2011||||xxu|||||s|||||000 | eng d
040 _aPGUSA
_beng
042 _adc
100 1 _aHurll, Estelle M.
_q(Estelle May),
_d1863-1924
245 1 0 _aGreek Sculpture :
_bA collection of sixteen pictures of Greek marbles with introduction and interpretation
_h[electronic resource] /
_cEstelle M. Hurll
260 _bProject Gutenberg,
_c2011
506 _aPublic domain in the USA.
516 _aElectronic text
830 0 _aProject Gutenberg
_v34842
856 4 0 _uhttp://www.gutenberg.org/ebooks/34842
942 _cEB
999 _c264097
_d264097